000 01201nam0a22002891 4500
001 RU\NLR\INFOCOMM33\1000064779
005 20250617060431.0
035 _a(NLR Aleph) 002508936
090 _a2661232
_c2661232
100 _a20040414d1968 |||y0rusy50 ca
101 0 _arus
102 _aRU
105 _ay |||||||||
200 1 _aТруды Ленинградского ордена Ленина Кораблестроительного института
_eСистематический и предметный указатели
_eВып.1-50 (1937 - 1966 г.г.)
_fАндрезен, Т.К. и Павлова, Л.А.
210 _aЛ.
_d1968
488 0 _12001#$aТруды Ленинградского кораблестроительного института
_tТруды Ленинградского кораблестроительного института
700 1 _aАндрезен
_bТ.К.
_4070
701 1 _aПавлова
_bЛ.А.
_4070
801 1 _aRU
_bInfoComm
_c20040414
801 0 _aRU
_bNLR
_gPSBO
801 2 _aRU
_bNLR
_c20090302
_2rusmarc
852 _aNLR
_j741Тр./19
852 _aNLR
_jМБР-IV-111
942 _cBOOK
980 _aNB
980 _aRUSPER